| 000 | 00524nam a22001697a 4500 | ||
|---|---|---|---|
| 005 | 20251108164256.0 | ||
| 008 | 250721s1993 xx 000 0 ara d | ||
| 082 | 1 | 4 | _a796/برن |
| 100 | 1 |
_aرستم، علي _eجامع |
|
| 245 | 1 | 0 | _aبرنامج العد التنازلي لقوام رشيق في 36 يوماً / |
| 264 | 1 |
_aدمشق : _bدار المعرفه، _c1993. |
|
| 300 | _a173ص | ||
| 650 | 1 | 7 | _aالألعاب الرياضية |
| 650 | 1 | 7 | _aاللياقه البدنيه |
| 942 |
_2ddc _cBK |
||
| 999 |
_c8114 _d8114 |
||